000
00398nam a2200145Ia 4500
008
090124s9999 xx 000 0 und d
082
_b
403361
245
_a
श्री गणेश कथा
250
_a
1
260
_b
गोळे लीला
_c
1995
300
_a
48
630
_a
श्री गणेश कथा
730
_a
श्री गणेश कथा
942
_c
BOOK
999
_c
199844
_d
199844